Rocks Found on the Moon - Statistics

General Stats
  • This quiz has been taken 7 times
  • The average score is 4 of 7
Answer Stats
Picture Answer % Correct
Gold
100%
Silver
86%
Basalt
57%
Platinum
57%
Breccia
43%
Anorthosite
29%
Ilmenite
14%
No matching quizzes found
Score Distribution
Percent of People with Each Score
Percentile by Number Answered
Your Score History
You have not taken this quiz